Transfer pricing audit practices in India / (Record no. 101894)

MARC details
000 -LEADER
fixed length control field 00619nam a22002057a 4500
005 - DATE AND TIME OF LATEST TRANSACTION
control field 20160808113012.0
010 ## - LCCN (DPL NO)
LC control number ENG-115659
020 ## - INTERNATIONAL STANDARD BOOK NUMBER
International Standard Book Number 9789351437093
Terms of availability 895.00
035 ## - SYSTEM CONTROL NUMBER
System control number EN-99191
037 ## - SOURCE OF ACQUISITION
Source of stock number/acquisition DBAD/PUB
082 ## - DEWEY DECIMAL CLASSIFICATION NUMBER
Classification number 338.520954
100 ## - MAIN ENTRY--PERSONAL NAME
Personal name Vasan,M.S.
245 ## - TITLE STATEMENT
Title Transfer pricing audit practices in India /
Statement of responsibility, etc by M.S. Vasan
250 ## - EDITION STATEMENT
Edition statement 2nd ed.
260 ## - PUBLICATION, DISTRIBUTION, ETC. (IMPRINT)
Place of publication, distribution, etc Gurgaon
Name of publisher, distributor, etc Lexis Nexis
Date of publication, distribution, etc 2016
270 ## - ADDRESS
Address 14th Floor, Building No.10, Tower-B, DLF Cyber City, Phase-II
City Gurgaon
Postal code 122002
300 ## - PHYSICAL DESCRIPTION
Extent xIv,635p.
Dimensions 24(Hb)
500 ## - GENERAL NOTE
General note Includes index
942 ## - ADDED ENTRY ELEMENTS (KOHA)
Source of classification or shelving scheme Dewey Decimal Classification
Item type English Books
Call number suffix VAS
Classification part 338.520954
Holdings
Withdrawn status Lost status Not for loan Collection code Home library Current library Date acquired Source of acquisition Cost, normal purchase price Full call number Barcode Copy number Cost, replacement price Koha item type
    Not For Loan Non-fiction D.B.Act.Division Bawana 08/08/2016 DBAD/PUB 895.00 338.520954 VAS EN-99191 1 895.00 English Books

© Delhi Public Library
Hit Counter
free hit counter